00668nam a2200193Ia 4500008004100000020001800041082001600059100002000075245007700095250000700172260005500179300002300234500001900257600002000276650002000296942000700316952013400323999001700457240925s9999 xx 000 0 und d a9781138384361 a375.001 MCK aMckernan, James 0aCurriculum and imagination: process theory, pedagogy and action research aNA aNew York:bRoutlege Taylor & Francis Groupc,2008. a418p.b0fOriginal aIncludes Index aSocial Sciences aSocial Sciences cBK 001040708SSaUITUbUITUd2019-09-13eWisdom Book Componyg1633.95l0o375.001 MCKpQ14964r2024-09-25 07:17:31w0000-00-00yBK c17463d17463